000 00507nam a2200181Ia 4500
005 20250508151104.0
008 008 250505s9999 xx 000 0 eng d
037 _aTextual
040 _aFEDL
_beng
_cFEDL
041 _aeng
_2eng
084 _a491.435, KEL
_qFEDL
100 _aKellogg S H
_970874
245 0 _aGrammar of the hindi language
260 _aLondon, UK
_bRoutledge and Kegan Paul Ltd
_c1938
300 _a584p.
942 _cTEXL
_h491.435, KEL
999 _c1327523
_d1327523